|
|
|
|
| LEADER |
00000cam a2200000 c 4500 |
| 001 |
275385892 |
| 003 |
DE-627 |
| 005 |
20251222212818.0 |
| 007 |
tu |
| 008 |
990101s1989 xx ||||| 00| ||eng c |
| 016 |
7 |
|
|a b8914269
|2 UK
|
| 020 |
|
|
|a 0335098452
|9 0-335-09845-2
|
| 020 |
|
|
|a 0335098444
|9 0-335-09844-4
|
| 035 |
|
|
|a (DE-627)275385892
|
| 035 |
|
|
|a (DE-576)017682304
|
| 035 |
|
|
|a (DE-599)GBV275385892
|
| 035 |
|
|
|a (OCoLC)246697854
|
| 035 |
|
|
|a (OCoLC)19590073
|
| 035 |
|
|
|a (DE-604)8076763005
|
| 040 |
|
|
|a DE-627
|b ger
|c DE-627
|e rakwb
|
| 041 |
|
|
|a eng
|
| 082 |
0 |
|
|a 158
|
| 084 |
|
|
|a CW 1000
|2 rvk
|0 (DE-625)rvk/19173:
|
| 245 |
0 |
4 |
|a The applied psychologist
|c ed. by James Hartley ...
|
| 250 |
|
|
|a 1. publ.
|
| 264 |
|
1 |
|a Milton Keynes [u.a.]
|b Open Univ. Pr.
|c 1989
|
| 300 |
|
|
|a XII, 208 S
|b graph. Darst
|
| 336 |
|
|
|a Text
|b txt
|2 rdacontent
|
| 337 |
|
|
|a ohne Hilfsmittel zu benutzen
|b n
|2 rdamedia
|
| 338 |
|
|
|a Band
|b nc
|2 rdacarrier
|
| 689 |
0 |
0 |
|d s
|0 (DE-588)4047701-0
|0 (DE-627)10619383X
|0 (DE-576)209074418
|a Psychologe
|2 gnd
|
| 689 |
0 |
1 |
|d s
|0 (DE-588)4005895-5
|0 (DE-627)104162619
|0 (DE-576)208863540
|a Berufsfeld
|2 gnd
|
| 689 |
0 |
2 |
|d s
|0 (DE-588)4002028-9
|0 (DE-627)106394703
|0 (DE-576)208845453
|a Angewandte Psychologie
|2 gnd
|
| 689 |
0 |
|
|5 (DE-627)
|
| 689 |
1 |
0 |
|d s
|0 (DE-588)4002028-9
|0 (DE-627)106394703
|0 (DE-576)208845453
|a Angewandte Psychologie
|2 gnd
|
| 689 |
1 |
1 |
|d s
|0 (DE-588)4005895-5
|0 (DE-627)104162619
|0 (DE-576)208863540
|a Berufsfeld
|2 gnd
|
| 689 |
1 |
|
|5 (DE-627)
|
| 700 |
1 |
|
|8 1\p
|a Hartley, James
|d 1940-
|e Hrsg.
|0 (DE-588)136836399
|0 (DE-627)587804688
|0 (DE-576)30130162X
|4 edt
|
| 883 |
|
|
|8 1\p
|a cgwrk
|d 20241001
|q DE-101
|u https://d-nb.info/provenance/plan#cgwrk
|
| 935 |
|
|
|i Blocktest
|
| 936 |
r |
v |
|a CW 1000
|b Einführungen in die angewandte Psychologie
|k Psychologie
|k Angewandte Psychologie
|k Einführungen in die angewandte Psychologie
|0 (DE-627)1271556790
|0 (DE-625)rvk/19173:
|0 (DE-576)201556790
|
| 951 |
|
|
|a BO
|
| ELC |
|
|
|b 1
|
| LOK |
|
|
|0 000 xxxxxcx a22 zn 4500
|
| LOK |
|
|
|0 001 3320970224
|
| LOK |
|
|
|0 003 DE-627
|
| LOK |
|
|
|0 004 275385892
|
| LOK |
|
|
|0 005 20151020135349
|
| LOK |
|
|
|0 008 891109||||||||||||||||ger|||||||
|
| LOK |
|
|
|0 040
|a DE-21
|c DE-627
|d DE-21
|
| LOK |
|
|
|0 852
|a DE-21
|
| LOK |
|
|
|0 852 1
|c KB 18 A 5772
|9 00
|
| LOK |
|
|
|0 935
|a krim
|
| LOK |
|
|
|0 939
|a 09-11-89
|b l01
|
| ORI |
|
|
|a SA-MARC-krimdoka001.raw
|
| SIG |
|
|
|a UB: KB 18 A 5772
|